000 01297nam a2200313 c 4500
003 BLK
005 20180422110546.0
008 180409b bul|||||r ||||||| ||bul||
010 _aKNG00124459000
040 _aBLK
041 _aBUL
_cBUL
080 _aПрофесионални вредности. Хигиена на труда. вж и 331.47 ; 614.8 ; 628.5
_b613.6
_x
_z613.6
100 1 _aАлексиев, Борислав
_eпърви автор
_9376669
139 _aАлексиев, Борислав
_bА 52
245 1 0 _aПрофесионални болести от пренапрежение
_cБорислав Алексиев.
257 _aBGR
260 София
_bМедицина и физкултура
_c1967
300 _a24 с.
_c18 см
380 _a61
490 1 _aБиблиотека Здравни беседи за работника
_v6
500 _aИзд. на Инст. за здравна просв.
650 4 _aХигиена на труда
_9272255
653 _aпрофесионални заболявания
852 _aЦб І 9493
856 4 _qpdf
_u
856 4 _qpdf
_u
942 _cKNG
_n0
944 _aCR
_c21.07.2011
_l21.07.2011 - от С1,Р / 21.07.2011
_kДиана_Димитрова
944 _aED
_c21.07.2011
_l21.07.2011 - от С1,Р / 21.07.2011
_k
999 _c118848
_d118848